The concept of holiness of the land in the books of Leviticus and Deuteronomy : (Record no. 25162)

MARC details
000 -LEADER
fixed length control field 00600nam a22001817a 4500
003 - CONTROL NUMBER IDENTIFIER
control field AUA.1
005 - DATE AND TIME OF LATEST TRANSACTION
control field 20251118183249.0
008 - FIXED-LENGTH DATA ELEMENTS--GENERAL INFORMATION
fixed length control field 250708b |||||||| |||| 00| 0 eng d
040 ## - CATALOGING SOURCE
Transcribing agency JTL
100 ## - MAIN ENTRY--PERSONAL NAME
Personal name Venance, Emmanuel
245 ## - TITLE STATEMENT
Title The concept of holiness of the land in the books of Leviticus and Deuteronomy :
Remainder of title A comparative analysis /
Statement of responsibility, etc Emmanuel Venance.
260 ## - PUBLICATION, DISTRIBUTION, ETC. (IMPRINT)
Date of publication, distribution, etc c2024.
300 ## - PHYSICAL DESCRIPTION
Extent viii, 100 leaves :
Other physical details Illustrations :
Dimensions 30cm.
650 ## - SUBJECT ADDED ENTRY--TOPICAL TERM
Topical term or geographic name as entry element Bible. Leviticus
650 ## - SUBJECT ADDED ENTRY--TOPICAL TERM
Topical term or geographic name as entry element Bible. Deuteronomy
650 ## - SUBJECT ADDED ENTRY--TOPICAL TERM
Topical term or geographic name as entry element Land use in the Bible
942 ## - ADDED ENTRY ELEMENTS (KOHA)
Source of classification or shelving scheme AUA Inhouse Classification
Koha item type Thesis
Classification part MABTS
Item part .V46 2024
Holdings
Withdrawn status Lost status Source of classification or shelving scheme Damaged status Not for loan Collection code Home library Current library Shelving location Date acquired Source of acquisition Cost, normal purchase price Serial Enumeration / chronology Total Checkouts Full call number Barcode Date last seen Cost, replacement price Price effective from Koha item type
    Library of Congress Classification     JTL Research Collection Judith Thomas Library Judith Thomas Library Judith Thomas Library Research Section 08/07/2025 Theological Seminary 25.00 AUA27892   MABTS .V46 2024 AUA27892 08/07/2025 25.00 08/07/2025 Thesis